000 00708nam a2200217 u 4500
005 20210223132655.0
008 150622s2006 mx r 000 0 spa d
020 _a9684941846
035 _aUPN01000204420
049 _aI
050 4 _aTT870
_bT4.5
100 1 _aThaae, Soren,
_d1946-
_937783
245 1 0 _aMéxico arte en papel /
_cSoren Thaae ; il. Charly Nielsen ; tr. Paola Beatriz Macías Solórzano.
260 _aMéxico :
_bCIDCLI,
_cc2006.
300 _a71 p. :
_bil. col.
534 _pTitulo original:
_tMexico klipperier
650 4 _aPAPEL, ESCULTURAS EN -
_vLITERATURA JUVENIL
_98231
650 4 _aTRABAJOS EN PAPEL -
_vLITERATURA JUVENIL
_98230
905 _aInfantil
999 _c176521
_d176521